00585nam a2200193Ia 4500008004100000020001400041082001200055100002000067245001400087250000800101260004600109300002500155500001900180600002000199650002000219942000700239952012800246999001700374240925s9999 xx 000 0 und d a618381910 a330 TAY aTaylor, John P. 0aEconomics a4th aBoston:bHoughton Mifflin Companyc,2004. a516p.bN.AfOriginal aIncludes Index aSocial Sciences aSocial Sciences cBK 001040708SSaUITUbUITUd2018-11-22eShahid Book Centerg625.00l0o330 TAYpQ11998r2024-09-25 07:16:17w2024-09-25yBK c14497d14497